End of stamp duty holiday encourages first-time buyers (Record no. 83770)

MARC details
000 -LEADER
fixed length control field 00914cad a22002055a 4500
001 - CONTROL NUMBER
control field E154990
008 - FIXED-LENGTH DATA ELEMENTS--GENERAL INFORMATION
fixed length control field 120214e20120214xxk 000 0 eng d
035 ## - SYSTEM CONTROL NUMBER
System control number (Sirsi) u154990
041 0# - LANGUAGE CODE
Language code of text/sound track or separate title eng
110 2# - MAIN ENTRY--CORPORATE NAME
Corporate name or jurisdiction name as entry element Royal Institution of Chartered Surveyors
Subordinate unit Scotland
9 (RLIN) 3082
245 00 - TITLE STATEMENT
Title End of stamp duty holiday encourages first-time buyers
Medium [electronic resource]
260 ## - PUBLICATION, DISTRIBUTION, ETC.
Date of publication, distribution, etc. 2012
490 ## - SERIES STATEMENT
Series statement RICS Scotland News Release
Volume/sequential designation 14 February 2012
520 ## - SUMMARY, ETC.
Summary, etc. The latest RICS Housing Market Survey suggests that the number of homes sold in Scotland increased in January, as first time buyers sought to take advantage of the stamp duty holiday, which expires in March.
590 ## - LOCAL NOTE (RLIN)
Local note KA
651 #4 - SUBJECT ADDED ENTRY--GEOGRAPHIC NAME
Geographic name Scotland
Chronological subdivision 1999-
690 ## - LOCAL SUBJECT ADDED ENTRY--TOPICAL TERM (OCLC, RLIN)
Topical term or geographic name as entry element Residential property
9 (RLIN) 6266
856 40 - ELECTRONIC LOCATION AND ACCESS
Uniform Resource Identifier <a href="https://www.rics.org/site/scripts/press_article.aspx?pressreleaseID=744&categoryID=487">https://www.rics.org/site/scripts/press_article.aspx?pressreleaseID=744&categoryID=487</a>
Public note View the item free of charge at www.rics.org
942 ## - ADDED ENTRY ELEMENTS (KOHA)
Suppress in OPAC 0
Holdings
Withdrawn status Lost status Source of classification or shelving scheme Damaged status Not for loan Home library Current library Shelving location Date acquired Total Checkouts Full call number Barcode Date last seen Copy number Price effective from Koha item type
    Dewey Decimal Classification     Virtual Virtual Online 14/02/2012   ONLINE PUBLICATION 154990-2001 06/08/2019 1 06/08/2019 Journal article